MARC

LEADER 00000nam0a2200000 4500
001 323288
005 20231102003545.0
035 |a (RuTPU)RU\TPU\book\348861 
090 |a 323288 
100 |a 20161014d1948 m y0rusy50 ca 
101 0 |a rus 
102 |a GE 
105 |a y z 000zb 
200 1 |a Шота Руставели и его поэма  |f В. Гольцев 
210 |a Тбилиси  |c Заря Востока  |d 1948 
215 |a 135 с. 
600 1 |a Руставели  |b Ш.  |c грузинский поэт  |c мыслитель-гуманист  |f 12 век  |g Шота  |2 stltpush  |3 (RuTPU)RU\TPU\pers\13066  |9 3766 
606 1 |a Грузинская литература  |2 stltpush  |3 (RuTPU)RU\TPU\subj\8671  |9 36034 
610 1 |a литературоведение 
610 1 |a литературоведческий анализ 
610 1 |a Грузия 
610 1 |a поэты 
610 1 |a 12 век 
675 |a 894.631  |v 4 
700 1 |a Гольцев  |b В.  |g Виктор  |4 070 
801 1 |a RU  |b 63413507  |c 20161014 
801 2 |a RU  |b 63413507  |c 20210114  |g RCR 
942 |c BK